The Solly Collection 1821-2021 : founding the Berlin Gemäldegalerie /

The foundations for a world-class public art collection in Berlin were laid in 1821: This was the year the Kingdom of Prussia acquired on behalf of the museum to be established in Berlin the painting collection of English merchant Edward Solly (1776-1844). Between 1815 and 1820 this cosmopolitan lov...

Full description

Bibliographic Details
Other Authors: Skwirblies, Robert (Editor), Contini, Roberto (Editor)
Format: Book
Language:English
Published: Berlin ; Boston : Berlin : Deutscher Kunstverlag ; Gemäldegalerie, Staatliche Museen zu Berlin, [2021]
Subjects:

MARC

Tag First Indicator Second Indicator Subfields
LEADER 00000cam a2200000Ii 4500
001 in00004561321
008 211113s2021 gw ach bc 000 0 eng d
005 20250318213007.8
019 |a 1285277095 
020 |a 9783422986640 
020 |a 3422986642  |q English edition  |q paperback 
024 3 |a 9783422986640 
035 |a (OCoLC)on1285267127 
035 |a (OCoLC)1285267127  |z (OCoLC)1285277095 
040 |a OHX  |b eng  |e rda  |c OHX  |d ERASA  |d JPG  |d OCLCO  |d INU  |d YDX 
043 |a e-gx--- 
050 4 |a N5247.S65  |b S65 2021 
082 0 4 |a 759.43/155  |2 23 
245 0 4 |a The Solly Collection 1821-2021 :  |b founding the Berlin Gemäldegalerie /  |c for the Gemäldegalerie - Staatliche Museen zu Berlin edited by Robert Skwirblies ; in collaboration with Roberto Contini [and four others]. 
264 1 |a Berlin ;  |a Boston :  |b Deutscher Kunstverlag ;  |a Berlin :  |b Gemäldegalerie, Staatliche Museen zu Berlin,  |c [2021] 
300 |a 136 pages :  |b illustrations (chiefly color), facsimiles, portraits ;  |c 28 cm 
336 |a text  |b txt  |2 rdacontent 
336 |a still image  |b sti  |2 rdacontent 
337 |a unmediated  |b n  |2 rdamedia 
338 |a volume  |b nc  |2 rdacarrier 
504 |a Includes bibliographical references (pages 126-134). 
585 |a Catalog of an exhibition held at the Gemäldegalerie, Staatliche Museen zu Berlin, October 21, 2021 - January 16, 2022. 
520 8 |a The foundations for a world-class public art collection in Berlin were laid in 1821: This was the year the Kingdom of Prussia acquired on behalf of the museum to be established in Berlin the painting collection of English merchant Edward Solly (1776-1844). Between 1815 and 1820 this cosmopolitan lover of the arts living in Berlin amassed thousands of paintings above all from Italy, Germany and the Netherlands. Many of the works were by artists little known at the time but who subsequently came to be greatly appreciated and are still renowned today. The exhibition and the accompanying catalogue showcase a representative selection of masterpieces, rediscoveries, and "historical peculiarities", and provide an insight into an age that on the one hand shaped our concepts of art and museums and on the other hand had an entirely different view of the works than we have today. Exhibition: Gemäldegalerie, Berlin, Germany (21.10.2021 - 16.01.2022). 
600 1 0 |a Solly, E.  |q (Edward)  |x Art collections  |v Exhibitions. 
610 2 0 |a Gemäldegalerie (Berlin, Germany)  |v Exhibitions. 
650 0 |a Art  |x Private collections  |z Germany  |z Berlin  |v Exhibitions. 
700 1 |a Skwirblies, Robert,  |e editor. 
700 1 |a Contini, Roberto,  |e editor. 
710 2 |a Gemäldegalerie (Berlin, Germany),  |e issuing body,  |e host institution. 
776 0 8 |z 9783422986633  |i German edition 
852 8 |b pda,print  |z This title is available for the library to purchase for your use. Click the "Purchase It For Me" button to place a request. This item may take 5-10 business days to arrive. 
955 |a Print PDA title 
999 f f |s b142aa5f-04e8-4213-8165-bf73419a31ac  |i 0e148ebf-bff2-441b-881a-1b08e7f53ed7  |t 0 
952 f f |a Texas A&M University  |b College Station  |c Sterling C. Evans Library  |d Purchase on Demand  |t 0  |e N5247.S65 S65 2021  |h Library of Congress classification 
998 f f |a N5247.S65 S65 2021  |t 0  |l Purchase on Demand